00490nam a2200169Ia 450000500170000000800410001704000190005804100120007708200150008910000160010424500880012026000500020830000110025850400190026965000220028885000100031020260602133821.0131103s9999 xx 000 0 und d aLoreto College aEnglish a840.9bLAL aLalou, Rene aHistory de la literature francaise contemporaineb de 1870 a nos jours cRene Lalou aParisbPresses Universitaires de frenchc1947 a447p.  aIncludes index aFrench literature aLCLIB